Most Played Roblox Games April 2026 - Statistics

General Stats
  • This quiz has been taken 159 times
    2 since last reset
  • The average score is 12 of 20
Answer Stats
Visits Genre Game % Correct
25.6B All 99 Nights in the Forest
100%
42.9B RPG Adopt me!
100%
80.8B Town and City Brookhaven RP
100%
34.8B All Grow a Garden
100%
24.8B Horror Murder Mystery 2
100%
14.1B Horror Piggy
100%
65.2B All Steal a Brainrot
100%
11.2B Fighting Bedwars
50%
60.3B Adventure Blox Fruits
50%
7.8B Town and City Jailbreak
50%
16.2B Town and City Meep City
50%
8.9B All Pet Simulator X
50%
13.4B FPS Rivals
50%
10.3B All Royale High
50%
17.4B Fighting The Strongest Battlegrounds
50%
27.6B Obby Tower of Hell
50%
7.9B Town and City Berry Avenue RP
0%
9.7B All Dress to Impress
0%
8.4B Horror Evade
0%
9.8B Town and City Welcome to Bloxburg
0%
No matching quizzes found
Score Distribution
Percent of People with Each Score
Percentile by Number Answered
Your Score History
You have not taken this quiz since the last reset